000 00652nam a2200181Ia 4500
008 090123s9999 xx 000 0 und d
082 _b34279
100 _aधर्माधिकारी चंद्रशेखर शंकर
245 _aसहप्रवास
250 _a1
260 _bदेशमुख आणि मंडळी
_c2002
300 _a185
600 _aधर्माधिकारी चंद्रशेखर शंकर
630 _aसहप्रवास
700 _aधर्माधिकारी चंद्रशेखर शंकर
730 _aसहप्रवास
942 _cBOOK
999 _c72320
_d72320